| 000 | 00876nam a2200289 a 4500 | ||
|---|---|---|---|
| 005 | 20150921114245.0 | ||
| 008 | 140220b1994 enk||||| |||| 00| 0 eng d | ||
| 020 | _a1560982705 | ||
| 040 |
_aCO-BoIAVH _cCO-BoIAVH |
||
| 041 | _aeng | ||
| 044 | _aenk | ||
| 082 |
_a333.9578 _bH61m |
||
| 100 |
_aHeyer, Ronald W _97244 |
||
| 245 |
_aMeasuring and monitoring biological diversity _bstandard methods for amphibians |
||
| 260 |
_aLondres _bSmithsonian Institution Press _c1994 |
||
| 300 | _a364 p. | ||
| 650 |
_aMonitoreo biológico _93265 |
||
| 650 |
_aAnfibios _939077 |
||
| 650 |
_aEspeciación biológica _97246 |
||
| 650 |
_aMediciones biológicas _97247 |
||
| 650 |
_aBiodiversidad _939078 |
||
| 700 |
_aDonnelly, Maureen A _97249 |
||
| 700 |
_aMcDiarmid, Roy W _97250 |
||
| 700 |
_aHayek, Lee.Ann C _97251 |
||
| 700 |
_aFoster, Mercedes S _97252 |
||
| 942 |
_cImpreso _2z |
||
| 999 |
_c302 _d302 |
||